000 00851cam a22002651 4500
001 25287
003 BD-RjUL
005 20211209050846.0
008 140316s1962 inub b 001 0 eng
035 _a(BD-RjUL)25356
035 _a(OCoLC)392544
040 _aDLC
_cODaWU
_dOCoLC
_dUk
_dDLC
_dBD-RjUL
_beng
041 _aeng
082 _a940.18
_bATC
100 1 _aAtiya, Aziz Suryal,
_d1898-1988.
_976804
245 1 0 _aCrusade, commerce, and culture /
_cAziz Suryal,Atiya
260 _aBloomington :
_bIndiana University Press,
_c1962.
300 _a280 p. :
_bmaps (2 fold.) ;
_c21 cm.
500 _a"Companion volume to [the author's] The crusade: historiography and bibliography."
504 _aIncludes Bibliography: p. [262]-269 and index.
650 0 _aCrusades.
_977771
942 _2ddc
_cBK
999 _c25287
_d25287